Man's fall and woman's fallout. (Record no. 87160)

MARC details
000 -LEADER
fixed length control field 00504nam a22001931 4500
001 - CONTROL NUMBER
control field sa 68016538
003 - CONTROL NUMBER IDENTIFIER
control field DLC
005 - DATE AND TIME OF LATEST TRANSACTION
control field 20260227112655.0
008 - FIXED-LENGTH DATA ELEMENTS--GENERAL INFORMATION
fixed length control field 700716c19681964ii 00000 eng
010 ## - LIBRARY OF CONGRESS CONTROL NUMBER
LC control number sa 68016538
025 ## - OVERSEAS ACQUISITION NUMBER
Overseas acquisition number PL480:I-E-10029
050 0# - LIBRARY OF CONGRESS CALL NUMBER
Classification number PR6052.A5
Item number M3 1968
100 10 - MAIN ENTRY--PERSONAL NAME
Personal name Bantleman, Lawrence.
245 1# - TITLE STATEMENT
Title Man's fall and woman's fallout.
250 ## - EDITION STATEMENT
Edition statement [2d ed.
260 0# - PUBLICATION, DISTRIBUTION, ETC.
Place of publication, distribution, etc. Calcutta,
Name of publisher, distributor, etc. Writers Workshop,
Date of publication, distribution, etc. 1968, c1964]
300 ## - PHYSICAL DESCRIPTION
Extent [24] p.
Dimensions 23 cm.
350 ## - PRICE (NR) (BK AM CF MU VM SE) [OBSOLETE]
Price 6.00
-- ($2.00)

No items available.

Powered by Koha